[Event "Hofheim Spring op-B 4th"]
[Site "Hofheim"]
[Date "2016.04.02"]
[Round "9"]
[White "Meyer, Marcel"]
[Black "Kube, Jens"]
[Result "1/2-1/2"]
[WhiteElo "1735"]
[BlackElo "1854"]
[PlyCount "42"]
[EventDate "2016.03.30"]
[EventType "swiss"]
[EventRounds "9"]
[EventCountry "GER"]
[SourceTitle "EXT 2018"]
[Source "ChessBase"]
[SourceDate "2017.10.13"]
[SourceVersion "1"]
[SourceVersionDate "2017.10.13"]
[SourceQuality "1"]

1. d4 d5 2. c4 e5 3. dxe5 d4 4. a3 Nc6 5. Nf3 Bg4 6. Bf4 Bxf3 7. exf3 Qe7 8. Qa4 0-0-0 9. Nd2 Nxe5 10. 0-0-0 Nc6 11. Bd3 Qf6 12. Bg3 Bd6 13. Kb1 Bxg3 14. fxg3 Kb8 15. Ne4 Qe7 16. Rhe1 f5 17. Nd2 Qf7 18. Nb3 Nge7 19. Nc5 Nc8 20. Re6 Nb6 21. Qb5 Rd6 1/2-1/2

[Event "Heusenstamm Sparkassen op-A 2nd"]
[Site "Heusenstamm"]
[Date "2015.11.27"]
[Round "3"]
[White "Kube, Jens"]
[Black "Theuer, Carsten"]
[Result "1/2-1/2"]
[WhiteElo "1890"]
[BlackElo "1788"]
[PlyCount "68"]
[EventDate "2015.11.26"]
[EventType "swiss"]
[EventRounds "7"]
[EventCountry "GER"]
[SourceTitle "EXT 2018"]
[Source "ChessBase"]
[SourceDate "2017.10.13"]
[SourceVersion "1"]
[SourceVersionDate "2017.10.13"]
[SourceQuality "1"]

1. e4 e6 2. d4 d5 3. Nc3 Nf6 4. e5 Nfd7 5. f4 c5 6. Nf3 Nc6 7. Be3 Qb6 8. a3 a6 9. Be2 c4 10. b3 cxb3 11. cxb3 Be7 12. 0-0 0-0 13. f5 Ndb8 14. Bd3 Qd8 15. f6 gxf6 16. Bh6 f5 17. Qe1 Kh8 18. Bxf8 Qxf8 19. Ne2 Bxa3 20. Qh4 Be7 21. Qh5 Qg7 22. Nf4 Nb4 23. Ne1 Nd7 24. Rf3 Nf8 25. Rc1 Nc6 26. Nc2 Bd7 27. Rg3 Ng6 28. Qf3 Qh6 29. Nxg6+ fxg6 30. Qf1 Rc8 31. Rh3 Qg7 32. Be2 Bg5 33. Rd1 Be7 34. Rc1 Bg5 1/2-1/2